[Event "CCSCSL Nov GM 2014"]
[Site "Saint Louis USA"]
[Date "2014.11.21"]
[Round "2.5"]
[White "Bregadze, Levan"]
[Black "Matikozian, Andranik"]
[Result "1-0"]
[WhiteTitle "IM"]
[BlackTitle "IM"]
[WhiteElo "2458"]
[BlackElo "2447"]
[WhiteFideId "13603264"]
[BlackFideId "13300440"]
[EventDate "2014.11.21"]

1. d4 Nf6 2. c4 g6 3. Nc3 Bg7 4. e4 d6 5. Nf3 O-O 6. h3 c5 7. d5 e6 8. Bd3 exd5
9. exd5 Re8+ 10. Be3 Bh6 11. O-O Bxe3 12. fxe3 Qe7 13. e4 Nbd7 14. Qd2 Kg7 15.
Rf2 Ng8 16. Nb5 Ndf6 17. Qc3 a6 18. Nxd6 Qxd6 19. e5 Qe7 20. exf6+ Qxf6 21.
Qxf6+ Nxf6 22. Ng5 a5 23. Raf1 Ra6 24. g4 Re7 25. b3 h6 26. Ne6+ Bxe6 27. Rxf6
Bd7 28. Rxa6 bxa6 29. Kf2 Kf6 30. Kg3+ Kg7 31. Kf3 Kf6 32. Kf4 Re5 33. h4 g5+
34. hxg5+ hxg5+ 35. Kf3 Re8 36. Rh1 Ke5 37. Bf5 Rd8 38. Bxd7 Rxd7 39. Ke3 a4 40.
bxa4 Rb7 41. Rf1 Rb4 42. Kd3 Rxa4 43. Rf5+ Kd6 44. Rxf7 Rxa2 45. Rf6+ Kd7 46.
Rc6 Rg2 47. Rxc5 Rxg4 48. Ra5 Kd6 49. Rxa6+ Ke5 50. Re6+ Kf5 51. Re8 Rg1 52. c5
Rd1+ 53. Kc4 g4 54. d6 Kf4 55. Rf8+ Ke4 56. Rg8 1-0

[Event "CCSCSL Nov GM 2014"]
[Site "Saint Louis USA"]
[Date "2014.11.22"]
[Round "3.5"]
[White "Matikozian, Andranik"]
[Black "Ashwin, Jayaram"]
[Result "1-0"]
[WhiteTitle "IM"]
[BlackTitle "IM"]
[WhiteElo "2447"]
[BlackElo "2442"]
[WhiteFideId "13300440"]
[BlackFideId "5018137"]
[EventDate "2014.11.21"]

1. e4 c5 2. Nf3 d6 3. Nc3 Nc6 4. Bc4 Nf6 5. d4 cxd4 6. Nxd4 Qb6 7. Nb3 e6 8. Bf4
Ne5 9. Be2 Bd7 10. Be3 Qc7 11. f4 Nc4 12. Bxc4 Qxc4 13. Qd3 Qxd3 14. cxd3 Be7
15. h3 O-O 16. g4 Rfc8 17. Kd2 b5 18. a3 a5 19. Rhc1 g6 20. Ne2 Rcb8 21. Nbd4
Ra6 22. b3 h5 23. g5 Ne8 24. h4 b4 25. a4 e5 26. fxe5 dxe5 27. Nf3 Bd6 28. d4
exd4 29. Nexd4 Bg4 30. e5 Bc7 31. Ke1 Rd8 32. Kf2 Rd5 33. Rc6 Rxc6 34. Nxc6 Rd3
35. Nfd4 Bb6 36. Nf5 gxf5 37. Bxb6 Rxb3 38. Nxa5 Rb2+ 39. Ke3 Ng7 40. Nc6 Ne6
41. Nd4 f4+ 42. Ke4 f3 43. Nxf3 Re2+ 44. Be3 Nc5+ 45. Kf4 Nd3+ 46. Ke4 Nc5+ 47.
Kf4 Nd3+ 48. Ke4 Nxe5 49. Nxe5 Be6 50. Kd3 Rh2 51. Nf3 Bf5+ 52. Kc4 Rh3 53. Nd4
Bd7 54. Bd2 b3 55. Bc3 Rxh4 56. Kxb3 Re4 57. a5 h4 58. a6 Re8 59. a7 Ra8 60. Bb4
h3 61. Bd6 Kh7 62. Kb4 Kg6 63. Nb5 Bc6 64. Bb8 Kh5 65. Kc5 Bg2 66. Kd4 Bc6 67.
Nc7 h2 68. Nxa8 h1=Q 69. Rxh1+ Bxh1 70. Nb6 Bb7 71. Bf4 Kg6 1-0

[Event "CCSCSL Nov GM 2014"]
[Site "Saint Louis USA"]
[Date "2014.11.23"]
[Round "5.3"]
[White "Finegold, Benjamin"]
[Black "Shoker, Samy"]
[Result "1/2-1/2"]
[WhiteTitle "GM"]
[BlackTitle "GM"]
[WhiteElo "2493"]
[BlackElo "2474"]
[WhiteFideId "2000261"]
[BlackFideId "627143"]
[EventDate "2014.11.21"]

1. d4 d6 2. e4 Nf6 3. Nc3 g6 4. Nf3 Bg7 5. Be2 O-O 6. O-O e6 7. h3 Nc6 8. Bg5 h6
9. Be3 b6 10. Qd2 Kh7 11. Rad1 Ne7 12. Bd3 Bb7 13. Rfe1 Nd7 14. Qe2 Qc8 15. Nh4
a6 16. f4 c5 17. d5 exd5 18. Nxd5 Nxd5 19. exd5 Qd8 20. Qg4 Nf6 21. Qg3 Bxd5 22.
Bxg6+ fxg6 23. Qxg6+ Kh8 24. Nf5 Ra7 25. Bf2 Be4 26. Rxe4 Nxe4 27. Nxg7 Rxg7 28.
Qxe4 Qf6 29. Be1 d5 30. Qxd5 Qxb2 31. Qf3 Qxc2 32. Bc3 Rf7 33. Rd6 Kh7 34. Bxg7
Kxg7 35. Kh2 Qf5 36. Qg3+ Kh7 37. Rxb6 Qxf4 38. Rxa6 c4 39. Qxf4 Rxf4 40. Rc6
Rf2 41. a4 Rc2 42. Kg3 c3 43. Kf3 Ra2 44. Rxc3 Rxa4 45. Rc6 Kg7 46. Rb6 Ra3+ 47.
Kg4 Ra4+ 48. Kg3 Ra3+ 49. Kh2 Ra4 50. Rb3 Kg6 51. Rg3+ Kh7 52. Re3 Kg6 53. Kg3
Ra2 54. Kf3 Rb2 55. Re6+ Kg7 56. g3 Rb3+ 57. Kf4 Rb4+ 58. Re4 Rb3 59. h4 Rb5 60.
Re5 Rb4+ 61. Kf5 Rb3 62. Kg4 Kf6 63. Rd5 Kg6 64. Rd6+ Kg7 65. Rd7+ Kg8 66. Re7
Ra3 67. Kf4 Rb3 68. g4 Rh3 69. h5 Ra3 70. Kf5 Ra5+ 71. Re5 Ra4 72. Re4 Ra5+ 73.
Kf4 Kf7 74. Rd4 Kg7 75. Rd7+ Kg8 76. Re7 Rb5 77. Re5 Rb4+ 78. Kf5 Ra4 79. Re6
Kg7 80. Re7+ Kg8 81. Kg6 Ra6+ 82. Kf5 Ra4 83. Re4 1/2-1/2

[Event "CCSCSL Nov GM 2014"]
[Site "Saint Louis USA"]
[Date "2014.11.23"]
[Round "6.1"]
[White "Sevian, Samuel"]
[Black "Finegold, Benjamin"]
[Result "1-0"]
[WhiteTitle "IM"]
[BlackTitle "GM"]
[WhiteElo "2484"]
[BlackElo "2493"]
[WhiteFideId "2040506"]
[BlackFideId "2000261"]
[EventDate "2014.11.21"]

1. e4 c5 2. Nf3 Nc6 3. d4 cxd4 4. Nxd4 Nf6 5. Nc3 d6 6. Bc4 e6 7. Be3 Be7 8. Qe2
a6 9. Bb3 O-O 10. O-O-O Qe8 11. Rhg1 Nd7 12. g4 Nc5 13. Nf5 exf5 14. gxf5 Nxb3+
15. axb3 f6 16. Nd5 Bd8 17. Rg3 Rf7 18. Qg4 g5 19. h4 Rg7 20. hxg5 fxg5 21. Rh1
Ne5 22. Qe2 Nf7 23. Bb6 Bd7 24. Bxd8 Qxd8 25. f6 Rg6 26. Qh5 Kf8 27. Qxh7 Rxf6
28. f4 Rc8 29. Rxg5 Nxg5 30. fxg5 Rf2 31. Qh8+ Kf7 32. Rh7+ Ke6 33. Rh6+ Kf7 34.
Qh7+ Kf8 35. Qh8+ Kf7 36. g6+ Ke6 37. g7+ Kf7 38. g8=Q+ 1-0

[Event "CCSCSL Nov GM 2014"]
[Site "Saint Louis USA"]
[Date "2014.11.23"]
[Round "6.2"]
[White "Gorovets, Andrey"]
[Black "Priyadharshan, K."]
[Result "1/2-1/2"]
[WhiteTitle "IM"]
[BlackTitle "IM"]
[WhiteElo "2482"]
[BlackElo "2460"]
[WhiteFideId "13504037"]
[BlackFideId "5018293"]
[EventDate "2014.11.21"]

1. c4 c5 2. Nf3 Nc6 3. d4 cxd4 4. Nxd4 Nf6 5. Nc3 e6 6. Bf4 d5 7. e3 Bb4 8. Be2
dxc4 9. Nxc6 Qxd1+ 10. Rxd1 bxc6 11. Bxc4 Nd5 12. O-O Nxf4 13. exf4 Ke7 1/2-1/2

[Event "CCSCSL Nov GM 2014"]
[Site "Saint Louis USA"]
[Date "2014.11.23"]
[Round "6.3"]
[White "Shoker, Samy"]
[Black "Matikozian, Andranik"]
[Result "1/2-1/2"]
[WhiteTitle "GM"]
[BlackTitle "IM"]
[WhiteElo "2474"]
[BlackElo "2447"]
[WhiteFideId "627143"]
[BlackFideId "13300440"]
[EventDate "2014.11.21"]

1. Nf3 Nf6 2. g3 g6 3. Bg2 Bg7 4. O-O O-O 5. d3 d6 6. c4 e5 7. Nc3 Nc6 8. Rb1 a5
9. a3 h6 10. b4 axb4 11. axb4 Be6 12. b5 Ne7 13. Bb2 Qd7 14. Re1 Bh3 15. Bh1 Nh5
16. d4 Qe6 17. Nd5 Nxd5 18. cxd5 Qe7 19. dxe5 dxe5 20. Qb3 e4 21. Bxg7 Kxg7 22.
Nd2 Nf6 23. b6 cxb6 24. Qxb6 Rad8 25. Qb2 Kg8 26. Qxb7 Qxb7 27. Rxb7 Rfe8 28.
Rb5 Bf5 29. f3 Nxd5 30. Nxe4 Bxe4 31. fxe4 Nf6 32. Rb4 Rb8 33. Ra4 Rb6 34. Rc1
Rbe6 35. Rcc4 g5 36. h3 Kg7 37. Bf3 Re5 38. Kf2 R5e7 39. Rd4 Nd7 40. Rac4 Ne5
41. Rc5 Kf6 42. Bh5 Rb8 43. Ra4 Rbe8 44. Ke3 Re6 45. Rd5 R8e7 46. Rb4 Re8 47.
Rc5 R8e7 48. Rc1 Kg7 49. Rf1 Rf6 50. Rd1 Rfe6 51. Ra4 Re8 52. Rc1 R8e7 53. Rb1
Re8 54. Rb5 Kf6 55. h4 R8e7 56. Kf2 Re8 57. Rc5 R8e7 58. Kg2 Re8 59. Rc7 R8e7
60. Rc1 gxh4 61. gxh4 Ng6 62. Bxg6 fxg6 63. Kf3 Kg7 64. Kf4 Rf6+ 65. Ke3 Rb6 66.
Rc3 Rb1 67. Rc6 Rg1 68. e5 h5 69. Kf2 Rh1 70. Kg2 Re1 71. Re4 Ra1 72. Rc3 Ra5
73. Rce3 Re6 74. Kf3 Ra7 75. Rd3 Rae7 76. Kf4 Rf7+ 77. Ke3 Ra7 78. Rd6 Kf7 79.
Rf4+ Ke7 80. Rxe6+ Kxe6 81. Rf6+ Kd5 82. e6 Ra4 83. Rxg6 Rxh4 84. Kf3 Kd6 85. e4
Ke7 86. Ke3 Rg4 87. Rh6 Rg5 88. Kd4 h4 89. Ke3 h3 90. Kf4 Ra5 91. e5 Ra1 1/2-1/2

[Event "CCSCSL Nov GM 2014"]
[Site "Saint Louis USA"]
[Date "2014.11.23"]
[Round "6.4"]
[White "Boros, Denes"]
[Black "Ashwin, Jayaram"]
[Result "1/2-1/2"]
[WhiteTitle "GM"]
[BlackTitle "IM"]
[WhiteElo "2470"]
[BlackElo "2442"]
[WhiteFideId "722340"]
[BlackFideId "5018137"]
[EventDate "2014.11.21"]

1. e4 c5 2. Nf3 d6 3. d4 cxd4 4. Nxd4 Nf6 5. Nc3 Nc6 6. Bg5 e6 7. Qd2 a6 8.
O-O-O Be7 9. f4 Bd7 10. Nf3 b5 11. Bd3 b4 12. Ne2 a5 13. Rhf1 O-O 14. e5 dxe5
15. fxe5 Nd5 16. Be4 Rc8 17. Kb1 Qb6 18. Bxd5 exd5 19. Nf4 Bxg5 20. Nxg5 Nxe5
21. Nxd5 Qd8 22. Qe3 Qe8 23. Ne4 Rc6 24. Nc5 Bg4 25. Rde1 f6 26. Nd3 Bd7 27. Qa7
Qd8 28. Nc5 Re8 29. Re4 Be6 30. Nxe6 Rcxe6 31. Qc5 Rd6 32. Rd4 Rc6 33. Qb5 Qa8
34. Rfd1 Kf7 35. Qe2 Qc8 36. Qh5+ Ng6 37. Nf4 Rc5 38. Qxh7 Nxf4 39. Rxf4 Rd5 40.
Rdf1 Qe6 41. b3 Re5 42. Kb2 Re2 43. Qh5+ Kg8 44. Rc4 Qe5+ 45. Qxe5 R8xe5 46. Rg1
Rg5 47. g3 Rxh2 48. a3 bxa3+ 49. Kxa3 Rf2 50. Ka4 Kf7 51. b4 1/2-1/2

[Event "CCSCSL Nov GM 2014"]
[Site "Saint Louis USA"]
[Date "2014.11.24"]
[Round "8.1"]
[White "Sevian, Samuel"]
[Black "Ashwin, Jayaram"]
[Result "1-0"]
[WhiteTitle "IM"]
[BlackTitle "IM"]
[WhiteElo "2484"]
[BlackElo "2442"]
[WhiteFideId "2040506"]
[BlackFideId "5018137"]
[EventDate "2014.11.21"]

1. e4 e5 2. Nf3 Nc6 3. Bb5 a6 4. Ba4 Nf6 5. O-O b5 6. Bb3 Bc5 7. a4 Rb8 8. axb5
axb5 9. Nxe5 Nxe5 10. d4 Bxd4 11. Qxd4 d6 12. f4 Nc6 13. Qc3 Ne7 14. Ra7 c5 15.
e5 Nfd5 16. Bxd5 Nxd5 17. Qf3 Qb6 18. Rxf7 c4+ 19. Kh1 Kxf7 20. Qxd5+ Be6 21.
Qd1 Bf5 22. Nc3 Rhf8 23. Nd5 Qd8 24. e6+ Kxe6 25. Re1+ Kf7 26. Ne7 Qxe7 27. Qh5+
Bg6 28. Qd5+ Ke8 29. Rxe7+ Kxe7 30. g4 Bxc2 31. f5 Kd7 32. Bf4 Rb6 33. Qe6+ Kd8
34. Bg5+ 1-0

[Event "CCSCSL Nov GM 2014"]
[Site "Saint Louis USA"]
[Date "2014.11.24"]
[Round "8.2"]
[White "Bregadze, Levan"]
[Black "Boros, Denes"]
[Result "1/2-1/2"]
[WhiteTitle "IM"]
[BlackTitle "GM"]
[WhiteElo "2458"]
[BlackElo "2470"]
[WhiteFideId "13603264"]
[BlackFideId "722340"]
[EventDate "2014.11.21"]

1. d4 d5 2. Nf3 c6 3. Bf4 Nf6 4. e3 g6 5. c4 Be6 6. Nc3 dxc4 7. Ng5 Bd5 8. e4 h6
9. exd5 hxg5 10. dxc6 Nxc6 11. Bxg5 Nxd4 12. Bxc4 Bh6 13. Bxh6 Rxh6 14. Qd2 Nf5
15. O-O-O Qxd2+ 16. Rxd2 Rc8 1/2-1/2

[Event "CCSCSL Nov GM 2014"]
[Site "Saint Louis USA"]
[Date "2014.11.24"]
[Round "8.4"]
[White "Gorovets, Andrey"]
[Black "Matikozian, Andranik"]
[Result "1/2-1/2"]
[WhiteTitle "IM"]
[BlackTitle "IM"]
[WhiteElo "2482"]
[BlackElo "2447"]
[WhiteFideId "13504037"]
[BlackFideId "13300440"]
[EventDate "2014.11.21"]

1. e4 c5 2. Nf3 d6 3. d4 cxd4 4. Nxd4 Nf6 5. f3 e5 6. Nb3 Be6 7. c4 Nbd7 8. Be3
Rc8 9. Na3 a6 10. Bd3 Be7 11. O-O O-O 12. Qd2 Ne8 13. Rac1 h6 14. Rfd1 Bg5 15.
Bf1 Bxe3+ 16. Qxe3 Qc7 17. Rc2 Nc5 18. Nc1 Nf6 19. Kh1 Rfd8 20. Ne2 Ne8 21. Nc3
Nd7 22. Qc1 Qa5 23. Rcd2 Nb8 24. Nc2 Nc6 25. a3 Qc7 26. b4 Nf6 27. Qb2 Ne7 28.
Ne3 b5 29. Ncd5 Nexd5 30. cxd5 Bd7 31. Rd3 Qb6 32. Qd2 Rc7 33. g3 Rdc8 34. h3
Ra8 35. Kh2 a5 36. bxa5 Rxa5 37. Rb1 Ra4 38. Rbb3 Rc5 39. Rdc3 Qa5 40. Rd3 Qb6
41. Kg2 Qc7 42. Qb2 Ne8 43. Rdc3 Rxc3 44. Rxc3 Qa5 45. Nc2 Nc7 46. Nb4 Na6 47.
Nc6 Bxc6 48. dxc6 Nc7 49. Rd3 b4 50. axb4 Rxb4 51. Qd2 Qb6 52. Rc3 Rd4 53. Qa2
Qb4 54. Rd3 Rxd3 55. Bxd3 Qc5 56. Bc4 Qxc6 57. Bxf7+ Kh7 58. h4 Qd7 59. h5 Qd8
60. Qa5 Ne6 61. Qxd8 Nxd8 62. Bd5 g5 63. Kh3 Kg7 64. Kg4 Kf6 65. Kh3 1/2-1/2

[Event "CCSCSL Nov GM 2014"]
[Site "Saint Louis USA"]
[Date "2014.11.24"]
[Round "8.5"]
[White "Priyadharshan, K."]
[Black "Finegold, Benjamin"]
[Result "0-1"]
[WhiteTitle "IM"]
[BlackTitle "GM"]
[WhiteElo "2460"]
[BlackElo "2493"]
[WhiteFideId "5018293"]
[BlackFideId "2000261"]
[EventDate "2014.11.21"]

1. d4 d5 2. Nc3 Bf5 3. Bf4 Nf6 4. f3 e6 5. g4 Bg6 6. h4 h5 7. g5 Ng8 8. e3 Bd6
9. Nh3 Ne7 10. Qd2 a6 11. O-O-O Nbc6 12. Kb1 Bb4 13. Bg3 Nf5 14. Be1 Bd6 15. Rg1
Qd7 16. Bf2 Nfe7 17. e4 Rd8 18. Bg2 Na5 19. Ne2 Nc4 20. Qc3 Qb5 21. Qb3 Qc6 22.
Nhf4 O-O 23. Be1 a5 24. a4 b5 25. axb5 Qa8 26. e5 Bb4 27. Bxb4 axb4 28. Qxb4 Nc6
29. Qb3 N6a5 30. Qc3 Rb8 31. Nxg6 fxg6 32. Nc1 Rxb5 33. Nd3 Rfb8 34. Kc1 Nc6 35.
b4 Nxb4 0-1

[Event "CCSCSL Nov GM 2014"]
[Site "Saint Louis USA"]
[Date "2014.11.25"]
[Round "9.1"]
[White "Matikozian, Andranik"]
[Black "Priyadharshan, K."]
[Result "0-1"]
[WhiteTitle "IM"]
[BlackTitle "IM"]
[WhiteElo "2447"]
[BlackElo "2460"]
[WhiteFideId "13300440"]
[BlackFideId "5018293"]
[EventDate "2014.11.21"]

1. e4 e5 2. Nf3 d6 3. d4 exd4 4. Nxd4 Nf6 5. Nc3 Be7 6. Bc4 O-O 7. O-O Nxe4 8.
Nxe4 d5 9. Bd3 dxe4 10. Bxe4 c6 11. Bf4 Bg5 12. Qd2 Bxf4 13. Qxf4 Nd7 14. Rad1
Qf6 15. Nf5 Nc5 16. f3 Be6 17. b4 Na4 18. a3 Rfe8 19. Rd6 Nc3 20. Bd3 Nb5 21.
Bxb5 cxb5 22. g4 g6 23. Qd4 Qxd4+ 24. Nxd4 Bc4 25. Rc1 Re3 26. c3 Rd3 27. Rc2 b6
28. Kf2 Rd1 29. Rd7 Ra1 30. f4 Rf1+ 31. Kg3 Re8 32. f5 Re3+ 33. Kg2 Rf4 34. g5
gxf5 35. Rc1 Rg4+ 36. Kf2 Rh3 37. Rd8+ Kg7 38. Nxf5+ Kg6 39. Ng3 Rxh2+ 40. Kg1
Rxg3+ 41. Kxh2 Re3 42. Rg8+ Kh5 43. Kg2 Kg4 44. Rc2 f6 45. Rg7 fxg5 46. Rd2 Bd3
47. Rxa7 h5 48. Rf7 h4 49. a4 bxa4 50. c4 a3 51. c5 a2 52. Ra7 h3+ 53. Kh2 Be4
54. Rdxa2 Re1 55. Ra1 Re2+ 56. Kg1 h2+ 57. Kf1 Rb2 58. Rf7 0-1

[Event "CCSCSL Nov GM 2014"]
[Site "Saint Louis USA"]
[Date "2014.11.25"]
[Round "9.2"]
[White "Panjwani, Raja"]
[Black "Sevian, Samuel"]
[Result "1/2-1/2"]
[WhiteTitle "IM"]
[BlackTitle "IM"]
[WhiteElo "2421"]
[BlackElo "2484"]
[WhiteFideId "2604493"]
[BlackFideId "2040506"]
[EventDate "2014.11.21"]

1. Nf3 d5 2. d4 Nf6 3. c4 e6 4. Nc3 c6 5. cxd5 exd5 6. Bg5 Be7 7. e3 Bf5 8. Nh4
Bg6 9. Nxg6 hxg6 10. Bd3 Nbd7 11. Qc2 Nh5 12. Bxe7 Qxe7 13. O-O-O Nb6 14. g4 Nf6
15. g5 Nfd7 16. h4 Nf8 17. e4 Rxh4 18. Rxh4 Qxg5+ 19. Kb1 Qxh4 20. exd5 cxd5 21.
Bb5+ Nfd7 22. a4 a5 23. Qb3 Qf6 24. Re1+ Kd8 25. Rh1 Qxd4 26. Rd1 Qb4 27. Qxb4
axb4 28. Nxd5 Kc8 29. Re1 Kb8 30. Nxb6 Nxb6 31. Re7 Ra5 32. Rxf7 Nxa4 33. Bxa4
Rxa4 34. Rxg7 Ra6 35. Kc2 Rf6 36. f4 Ka7 37. Kb3 Ka6 38. Re7 Rxf4 39. Re6+ Kb5
40. Rxg6 Rf3+ 41. Kc2 Ka4 42. Rg1 Rf2+ 43. Kb1 b6 44. Ka2 b3+ 45. Kb1 Kb4 46.
Rc1 Re2 47. Rh1 b5 48. Rg1 Rc2 49. Rh1 Rg2 50. Rc1 Re2 51. Rc3 Re4 52. Rc1 Rd4
53. Rh1 Kc4 54. Rc1+ Kd5 55. Re1 Rd2 56. Rh1 Re2 57. Rg1 Ke4 58. Rc1 b4 59. Rh1
Kd3 60. Rh3+ Re3 61. Rxe3+ Kxe3 62. Ka1 Kd2 63. Kb1 Kd1 64. Ka1 Kc2 1/2-1/2

[Event "CCSCSL Nov GM 2014"]
[Site "Saint Louis USA"]
[Date "2014.11.25"]
[Round "9.3"]
[White "Ashwin, Jayaram"]
[Black "Gorovets, Andrey"]
[Result "1-0"]
[WhiteTitle "IM"]
[BlackTitle "IM"]
[WhiteElo "2442"]
[BlackElo "2482"]
[WhiteFideId "5018137"]
[BlackFideId "13504037"]
[EventDate "2014.11.21"]

1. d4 Nf6 2. c4 d6 3. Nf3 g6 4. Nc3 Bf5 5. h3 Bg7 6. g4 Bc8 7. e4 h5 8. g5 Nfd7
9. Be3 c5 10. d5 Na6 11. Qd2 Nc7 12. a4 Na6 13. Bg2 Nb4 14. O-O h4 15. b3 f6 16.
gxf6 exf6 17. Nb5 Ne5 18. Nxe5 fxe5 19. Bg5 Bf6 20. Bxf6 Qxf6 21. Nc7+ Kd8 22.
Nxa8 g5 23. Kh2 Rf8 24. Rac1 Bd7 25. Rc3 Rg8 26. a5 Kc8 27. Rg1 Kb8 28. Nb6 axb6
29. axb6 Qd8 30. Bf3 Be8 31. Bg4 Rg7 32. Be6 Bh5 33. Rg2 Qf6 34. Bf5 Qd8 35. Qe3
Qxb6 36. Rxg5 Rxg5 37. Qxg5 Bd1 38. Qxh4 Na2 39. Rg3 Bxb3 40. Rg8+ Ka7 41. Qh8
Qc7 42. Rc8 Qe7 43. Ra8+ Kb6 44. Qb8 1-0

[Event "CCSCSL Nov GM 2014"]
[Site "Saint Louis USA"]
[Date "2014.11.25"]
[Round "9.4"]
[White "Boros, Denes"]
[Black "Shoker, Samy"]
[Result "1/2-1/2"]
[WhiteTitle "GM"]
[BlackTitle "GM"]
[WhiteElo "2470"]
[BlackElo "2474"]
[WhiteFideId "722340"]
[BlackFideId "627143"]
[EventDate "2014.11.21"]

1. e4 d6 2. d4 Nf6 3. Nc3 g6 4. Be3 c6 5. h3 Nbd7 6. Nf3 Qc7 7. Qd2 b5 8. Bd3
Bb7 9. O-O a6 10. Rfe1 e5 11. Bh6 exd4 12. Nxd4 Bxh6 13. Qxh6 O-O-O 14. b4 c5
15. Ndxb5 axb5 16. Nxb5 Qb6 17. Qf4 Ne5 18. bxc5 Nxd3 19. cxd3 Qxb5 20. Qxf6
dxc5 21. Rec1 Qxd3 22. Rxc5+ Kb8 23. Qxf7 Rd7 24. Qf4+ Qd6 25. Qe3 Re8 26. Rb5
Qc6 27. Rab1 Rxe4 28. Qg3+ Kc8 29. Qf3 Rd3 30. Qf8+ Re8 31. Rxb7 Rxf8 32. Rb8+
Kd7 33. Rxf8 Qd5 34. Re1 Qxa2 35. Rh8 Qf7 36. Ra8 Kc6 37. Rea1 Rd2 38. Rf1 Kb7
39. Ra3 Qd5 40. Rc3 Rb2 41. Rcc1 Qf5 42. Rc3 Rd2 43. Rf3 Qd5 44. Rc3 Rb2 45.
Rcc1 Qb3 46. Rfd1 Qa2 47. Rd7+ Kb6 48. Rd6+ Kb5 49. Rd8 Qa7 50. Rf1 Kc4 51. Rc8+
Kd5 52. Re8 Qb6 53. Rd1+ Kc4 54. Rc8+ Kb3 55. Rf8 Kc2 56. Rfd8 Kc3 57. Rc8+ Kb4
58. Rf8 Qa7 59. Rf4+ Kc3 60. Rf3+ Kc2 61. Rfd3 Qa5 62. Rd7 Qg5 63. R7d5 Qf4 64.
R5d4 Qh6 65. Rd6 Rb7 66. Re1 Qf4 67. Re2+ Kc3 68. Re3+ Kc4 69. Rc6+ Kd5 70. Rc1
Rb2 71. Rd3+ Ke5 72. Re1+ Kf5 73. Rf3 Qxf3 74. gxf3 Rb4 75. Kg2 h5 76. Ra1 h4
77. Ra8 g5 78. Rf8+ Kg6 79. Rc8 Kf5 80. Rc5+ Kf6 81. Ra5 Rc4 82. Ra1 Kf5 83. Re1
Ra4 84. Re7 Rb4 85. Rf7+ Kg6 86. Rf8 Ra4 87. Rd8 Kf5 88. Rd6 Rb4 89. Kf1 Rb1+
90. Kg2 Rb4 91. Rd5+ Kf6 92. Rd1 Kf5 93. Kf1 Kf4 94. Rd5 Rb1+ 95. Kg2 Rb4 96.
Rc5 Ra4 97. Rb5 Rc4 98. Rb8 Kf5 99. Kf1 Rc1+ 100. Ke2 Rh1 101. Rb5+ Kf4 102.
Rb4+ Kf5 103. Rb5+ Kf4 104. Rb4+ Kf5 1/2-1/2

[Event "CCSCSL Nov GM 2014"]
[Site "Saint Louis USA"]
[Date "2014.11.25"]
[Round "9.5"]
[White "Finegold, Benjamin"]
[Black "Bregadze, Levan"]
[Result "1/2-1/2"]
[WhiteTitle "GM"]
[BlackTitle "IM"]
[WhiteElo "2493"]
[BlackElo "2458"]
[WhiteFideId "2000261"]
[BlackFideId "13603264"]
[EventDate "2014.11.21"]

1. d4 g6 2. e4 Bg7 3. Nf3 d6 4. c3 Nf6 5. Bd3 O-O 6. O-O c5 7. d5 e6 8. dxe6
Bxe6 9. Bg5 Nc6 10. Nbd2 Qc7 11. Re1 h6 12. Bxf6 Bxf6 13. Bc4 Rad8 14. Qc2 Kg7
15. Rad1 a6 16. Bxe6 fxe6 17. Nc4 b5 18. Ne3 h5 19. a4 Qf7 20. Qe2 Qb7 21. axb5
axb5 22. Rf1 b4 23. Qc4 bxc3 24. bxc3 Rfe8 25. Ra1 Qc7 26. Ra6 Re7 27. Rb1 Rb8
28. Rd1 Ne5 1/2-1/2